Statistics for Batman Actors

Click here to take the quiz!

General Stats

  • This quiz has been taken 46 times
  • The average score is 7 of 9

Answer Stats

Answer% Correct
George Clooney
97%
Val Kilmer
92%
Christian Bale
89%
Danny De Vito
89%
Jack Nicholson
89%
Heath Ledger
76%
Michael Keaton
76%
Cesar Romero
45%
Burgess Meredith
16%

Score Distribution

Percentile by Number Answered

Percent of People with Each Score

Your Score History

You have not taken this quiz